000 00610nam a2200229Ia 4500
999 _c6624
_d6624
003 0100
008 130227s9999 xx 000 0 und d
040 _cARRUPELIB
050 _aDT 330.B313 1970
100 _aBalandier, Georges
_925890
245 4 _aThe Sociology of Black Africa
245 _bSocial Dynamics in Central Africa
260 _bAndre Deutsch
_aLondon
_c1970
300 _a540p.
300 _b21cm.
650 _aFan (Africa people)
_929918
650 _aBakongo(Africa people)
_929919
942 _2lcc
_cMONOGRAPH